Hà Nội - Quán xá phố phường

Tập hợp các bài viết về những điều bình dị ở Hà Nội. Chia thành 2 phần chính là phố phường với những con phố thân thuộc, gắn với những câu chuyện lịch sử như Đê La Thành, Hàng Đào, Hàng Ngang, không diêm dúa, đẽo gọt mà cố gắng mô...

Cur síos iomlán

Đã lưu trong:
Sonraí Bibleagrafaíochta
Príomhúdar: Uông Triều
Formáid: Leabhar
Teanga:Undetermined
Foilsithe: H. Văn học; Công ty Văn hóa Truyền thông Sống 2018
Ábhair:
Rochtain Ar Líne:http://lrc.tdmu.edu.vn/opac/search/detail.asp?aID=2&ID=35150
Clibeanna: Cuir Clib Leis
Gan Chlibeanna, Bí ar an gcéad duine leis an taifead seo a chlibeáil!
Thư viện lưu trữ: Trung tâm Học liệu Trường Đại học Thủ Dầu Một
LEADER 01509nam a2200205Ia 4500
001 TDMU_35150
008 210410s9999 xx 000 0 und d
082 |a 658.3 
090 |b U518 
100 |a Uông Triều 
245 0 |a Hà Nội - Quán xá phố phường 
245 0 |c Uông Triều 
260 |a H. 
260 |b Văn học; Công ty Văn hóa Truyền thông Sống 
260 |c 2018 
300 |a 206tr. 
520 |a Tập hợp các bài viết về những điều bình dị ở Hà Nội. Chia thành 2 phần chính là phố phường với những con phố thân thuộc, gắn với những câu chuyện lịch sử như Đê La Thành, Hàng Đào, Hàng Ngang, không diêm dúa, đẽo gọt mà cố gắng mô tả, cung cấp thông tin vừa đủ để độc giả hình dung được khung cảnh và nhân vật, sự kiện đôi khi đã mờ khuất trong xa vắng đến những món ngon truyền thống đến nay vẫn còn giữ nguyên vẹn hương vị trong tâm trí người thưởng thức như bánh rán, bún ốc, bún cá, phở bò,... 
650 |a Văn học hiện đại  |v Tản văn  |z Việt Nam; Văn học Việt Nam  |v Tản văn 
856 |u http://lrc.tdmu.edu.vn/opac/search/detail.asp?aID=2&ID=35150 
980 |a Trung tâm Học liệu Trường Đại học Thủ Dầu Một